| 000 | 00356pab a2200133 454500 | ||
|---|---|---|---|
| 008 | 180718b1987 xxu||||| |||| 00| 0 eng d | ||
| 100 | _aSteele, D. | ||
| 245 |
_aRural development _bNew strategies and structure for the U.N. system |
||
| 260 | _c1987 | ||
| 300 | _a103-21 | ||
| 650 | _aRural Development | ||
| 773 | _aHabitat International | ||
| 909 | _a17405 | ||
| 999 |
_c17405 _d17405 |
||